Metric handbook : activities and exercises for the classroom /

Bibliographic Details
Main Author: Shwarger, Michael
Format: Book
Language:English
Published: Chicago : LaPine Scientific Co., [1978]
Edition:2nd ed.
Subjects:

MARC

Tag First Indicator Second Indicator Subfields
LEADER 00000cam a2200000 a 4500
001 in00000525959
005 20151013092333.0
008 781207s1978 ilua 00010 eng d
035 |a (OCoLC)04427942 
035 |9 ACG0101AM 
040 |a SQP  |c SQP  |d TXA  |d UtOrBLW 
049 |a TXAM  |c [1813675] 
090 |a QC93  |b .S489 1978 
100 1 |a Shwarger, Michael. 
245 1 0 |a Metric handbook :  |b activities and exercises for the classroom /  |c by Michael Shwarger. 
250 |a 2nd ed. 
264 1 |a Chicago :  |b LaPine Scientific Co.,  |c [1978] 
264 4 |c ©1978 
300 |a 105 pages :  |b illustrations ;  |c 22 cm. 
336 |a text  |b txt  |2 rdacontent 
337 |a unmediated  |b n  |2 rdamedia 
338 |a volume  |b nc  |2 rdacarrier 
500 |a Cover title: LaPine's metric handbook. 
650 0 |a Metric system  |x Curricula. 
740 0 |a LaPine's metric handbook. 
999 |a MARS 
999 f f |s 086755c9-9b9d-302c-97a6-a41e556adf2e  |i b398973a-420e-37c8-99b9-c4008772a57e  |t 0 
952 f f |p ric  |a Texas A&M University  |b Rellis Campus  |c Joint Library Facility  |d Remote Storage  |t 0  |e QC93 .S489 1978  |h Library of Congress classification  |i unmediated -- volume  |m A14808069885 
998 f f |a QC93 .S489 1978  |t 0  |l Remote Storage